Categorías de las listas rojas de la UICN (Registro nro. 167)

Detalles MARC
000 -CABECERA
Campo de control 00662nam a2200205 a 4500
005 - FECHA Y HORA DE LA ULTIMA TRANSACCION
Campo de control 20191224041515.0
008 - ELEMENTOS DE LONGITUD FIJA—INFORMACION GENERAL
Campo de control 140219b1994 sz |||||r|||| 00| 0 spa d
040 ## - FUENTE DE CATALOGACIÓN
Agencia catalogadora original CO-BoIAVH
Agencia transcriptora CO-BoIAVH
041 0# - IDIOMA
Código de idioma para texto/pista de sonido o título separado Español
044 ## - PAÍS DE PUBLICACIÓN
País de publicación Suiza
082 04 - NUMERO DE CLASIFICACION DECIMAL DEWEY
Número de clasificación 591.68012
Número del ítem U58c
110 2# - ASIENTO PRINCIPAL--NOMBRE CORPORATIVO
Nombre corporativo o de jurisdicción como elemento de entrada Unión Internacional para la Conservación de la Naturaleza y los Recursos Naturales
9 (RLIN) 71467
245 10 - MENCION DE TITULO
Título Categorías de las listas rojas de la UICN
260 ## - PUBLICACION, DISTRIBUCION, ETC. (PIE DE IMPRENTA)
Lugar de publicación, distribución, etc. Gland (Suiza) :
Nombre del editor, distribuidor, etc. UICN,
Fecha de publicación, distribución, etc. 1994.
300 ## - DESCRIPCION FISICA
Extensión 22 páginas ;
Dimensiones 21 X 15 cm.
650 24 - ASIENTO SECUNDARIO DE MATERIA - TERMINO TEMATICO
Término temático o nombre geográfico como elemento de entrada Categorías UICN
9 (RLIN) 4282
650 26 - ASIENTO SECUNDARIO DE MATERIA - TERMINO TEMATICO
Término temático o nombre geográfico como elemento de entrada Especies en peligro de extinción
9 (RLIN) 255
650 24 - ASIENTO SECUNDARIO DE MATERIA - TERMINO TEMATICO
Término temático o nombre geográfico como elemento de entrada Listas rojas UICN
9 (RLIN) 1359
942 ## - ELEMENTOS ADICIONALES (KOHA)
Tipo de ítem Libro
Sistema de clasificación Dewey Decimal Classification
Existencias
Withdrawn status Lost status Sistema de Clasificación Damaged status No para préstamo Colección Inventariado Ubicación Permanente Ubicación actual Fecha de adquisición Fuente de Valor Valor Total Checkouts Número topográfico Inventario / Código de Barras Date last seen Ejemplar Price effective from Forma de adquisición Tipo de material
    Dewey Decimal Classification     General Inventariado 2017 Bogotá Bogotá 23/12/1997 Instituto 39000.00   LB-591.68012 U58c 000208 04/12/2012 Ej. 1 04/12/2012 Donación Libro
    Dewey Decimal Classification     General Inventariado 2017 Sala Fabio Quevedo Sala Fabio Quevedo 23/12/1997 Instituto 39000.00   LB-591.68012 U58c 000209 04/12/2012 Ej. 2 04/12/2012 Donación Libro